000
00215nam a22000977a 4500
999
_c
16222
_d
16222
003
OSt
008
200624b ||||| |||| 00| 0 eng d
100
_a
Subba Rao
_9
4629
245
_a
Trignometry (Bsc Maths)
942
_c
BK